000
00343nam a2200145Ia 4500
008
191201s2019 xx 000 0 und d
082
_a
546 COA
100
_a
COTTON, F Albert
245
0
_a
Advanced Inorganic Chemistry
250
_a
6th
260
_a
N.Delhi
_b
John willey and Sons
300
_a
1355
650
_a
Applied
942
_2
ddc
_c
BK
999
_c
1335
_d
1335